000 00409 a2200157 4500
999 _c29732
_d29732
003 NUST
005 20180118123934.0
008 180118b xxu||||| |||| 00| 0 eng d
020 _a8185618240
020 _a9788185618241
082 _a532.05
100 1 _aBatchelor, G. K.
_98746
245 1 3 _aAn introduction to fluid dynamics /
_cG. K. Batchelor.
260 _a[S.l.] :
_bFoundation Books,
_c2005.
300 _a635 p.
700 _aBatchelor, G. K.
_98746
942 _aSNS
_cBK
_k532.05 BAT
_2ddc